008170000a220009700045001000038000002450065000383000036001035200528001396500013006677730039006801 aZuluaga Salazar, María Acenedth10aDerechos de los niños en Colombia, ¿eufemismo o realidad? ano.19 (ago., 2010), p. 1431-148 aEl ser humano es un ser social por naturaleza, que necesita en todo momento ser aceptado y reconocido por el grupo donde tiene la oportunidad de desarrollarse, y dentro de esa convivencia, se hace necesario cierta institucionalidad que le permita vivir en comunidad, dejando de lado hasta su propio sentido hedónico o búsqueda de la realización del yo. Entonces, si las sociedades demandan unos deberes, deben ofrecer a su vez, unos derechos y dentro de ellos están los derechos humanos de los niños y niñas...14aDERECHOS0 tRevista Tecnológico de Antioquia